000 00671cam a2200205 a 4500
001 000005099
005 20200929151559.0
008 840402s1969 pr 000 p spa d
040 _aDO-SdBNP
_cCarP
_dDLC
_dBNPHU
082 _aPR861.44
_bJ64p, 1969
100 1 _aJoglar Cacho, Manuel,
_d1898-
_914629
245 1 0 _aPor los caminos del día /
_cManuel Joglar Cacho.
250 _a2a ed. rev.
260 _aSan Juan, Puerto Rico :
_b[Universidad de Puerto Rico],
_c1969.
300 _a39, [40-44] p. ;
_c20 cm.
650 4 _aPoesía puertorriqueña
_91015
650 4 _aLiteratura puertorriqueña
_ySIGLO XX
_95311
910 _aCatalogación derivada / LC
049 _aBNGR
999 _c4902
_d4902